| 000 | 00558nam a22001697a 4500 | ||
|---|---|---|---|
| 999 |
_c188396 _d188396 |
||
| 005 | 20230406114231.0 | ||
| 010 | _aENG-132741 | ||
| 020 |
_a9780199489015 _c1450.00 |
||
| 035 | _aEN-116273 | ||
| 037 | _bDBAD/PUB | ||
| 082 | _a954.0420924 | ||
| 245 |
_aSelected Works of Jawaharlal Nehru: _b7 February - 15 March 1962/ _cEdited by Madhavan K. Palat |
||
| 260 |
_aNew Delhi _bJawaharlal Nehru Memorial Fund _c2015 |
||
| 270 |
_aTeen Murti House _bNew Delhi _e110011 |
||
| 300 |
_axxv, 722p. _c25cm(hbk) |
||
| 942 |
_2ddc _cEN _h954.0420924 _mSEL |
||